عرض عادي
عرض مارك
- الإدارة الاستراتيجية
مدخل مصطلح موضوعي
001 - رقم الضبط
- حقل الضبط: 77681
003 - معرف رقم الضبط
- حقل الضبط: OSt
005 - تاريخ ووقت أخر عملية
- حقل الضبط: 20191211181134.0
008 - عناصر بيانات ثابتة الطول
- حقل تحكم ثابت الطول: 191211|| aca||aabn | a|a d
040 ## - مصدر الفهرسة
- هيئة الفهرسة الأصلية: OSt
- وكالة الكتابة: OSt
150 ## - مدخل-- مصطلح تاريخي
- عنصر مدخل المصطلح الموضوعي او الاسم الجغرافي: الإدارة الاستراتيجية
670 ## - بيانات المصدر موجوده
- الاستشهاد بالمصدر: Work cat.: (OSt)77690: السميرات، سبأ موسى طعيمه مؤلف. 77680, أثر بناء الجدارات الوظيفية في تحقيق الميزة التنافسية لمنظمات الأعمال /
